000 00615nam a2200193Ia 4500
003 GCL
008 140319s9999 xx 000 0 ara d
040 _aGCL /
_cGCL
082 0 4 _a956.902
_bو ف
100 1 _aواصف عبوشى
245 1 0 _aفلسطين قبل الضياع: قراءة جديدة فى المصادر البريطانية /
_cواصف عبوشى
260 _a[S.N] :
_bرياض الريس للكتب والنشر
490 _a
650 0 4 _aالعصر الحديث
650 0 4 _aتاريخ
650 0 4 _aفلسطين
650 0 4 _aالاحتلال البريطانى
942 _2ddc
_cBK
999 _c30412
_d30412